The trouble with heroes and other stories

সংরক্ষণ করুন:
গ্রন্থ-পঞ্জীর বিবরন
প্রধান লেখক: Vanderhaeghe, Guy
বিন্যাস: গ্রন্থ
ভাষা:English
প্রকাশিত: Ottawa, Canadá Borealis 1983
বিষয়গুলি:
ট্যাগগুলো: ট্যাগ যুক্ত করুন
কোনো ট্যাগ নেই, প্রথমজন হিসাবে ট্যাগ করুন!

MARC

LEADER 00000nam a2200000Ia 4500
008 170316s9999 xx 000 0 eng d
040 |a cru BVZT 
090 |a 818 V-3t 
100 |a Vanderhaeghe, Guy 
245 4 |a The trouble with heroes and other stories 
260 |a Ottawa, Canadá 
260 |b Borealis 
260 |c 1983 
300 |a 70 páginas 
650 |a LITERATURA CANADIENSE 
999 |c 6671  |d 6671 
942 |c 15 D  |h 818 V-3t  |2 z